Determination of diffusion coefficient for unsaturated soils /

Bibliographic Details
Main Author: Sood, Eeshani, 1980-
Other Authors: Aubeny, Charles Paul (Thesis advisor), Lytton, Robert L. (Thesis advisor)
Format: Thesis eBook
Language:English
Published: [College Station, Tex.] : [Texas A&M University], [2005]
Subjects:
Online Access:Link to OAK Trust copy

MARC

Tag First Indicator Second Indicator Subfields
LEADER 00000cam a2200000Ka 4500
001 in00002091721
005 20151102144314.0
006 m f d
007 cr unu--------
008 051102s2005 txu sbm 000 0 eng d
035 |a (OCoLC)ocm62206451 
035 |a (TxCM)http://handle.tamu.edu/1969.1/2318 
040 |a TXA  |c TXA  |d UtOrBLW 
049 |a TXAM 
099 |a 2005  |a Thesis  |a S79 
100 1 |a Sood, Eeshani, 1980- 
245 1 0 |a Determination of diffusion coefficient for unsaturated soils /  |c by Eeshani Sood. 
264 1 |a [College Station, Tex.] :  |b [Texas A&M University],  |c [2005] 
336 |a text  |b txt  |2 rdacontent 
337 |a computer  |b c  |2 rdamedia 
338 |a online resource  |b cr  |2 rdacarrier 
500 |a "Major Subject: Civil Engineering" 
500 |a Title from author supplied metadata (automated record created on Sep. 21, 2005.) 
500 |a Vita. 
500 |a Abstract. 
502 |b M. S.  |c Texas A&M University  |d 2005. 
504 |a Includes bibliographical references. 
516 |a Text (Thesis). 
520 3 |a The structures constructed on unsaturated soils are damaged by the movement of the soil underneath. The movement is basically due to the flow of moisture in and out of the soil. This change in moisture also affects the strength of the soil, thus resulting in failure of slopes of embankments constructed with these soils. Therefore, it is very important to study the diffusion properties of unsaturated soils. Study of the diffusion properties requires the determination of the diffusion coefficient ([alpha]). In this thesis improvements in the drying test, originally proposed by Mitchell(1979), have been discussed. The study also involves defining the evaporation coefficient(h[subscript]e) which has been ill-defined in previous research work. The flow through unsaturated soils is non-linear but due to the complexity involved it has been simplified to a linear problem. The nonlinear behavior has been studied during this research. Therefore,certain refinements have been applied in the determination of the diffusion coefficient. The laboratory procedure followed involves measuring the soil suction along the length of the sample and at different times using thermocouple psychrometers. The evaluation of the evaporation coefficient (h[subscript]e) has been made an integral part of the procedure. The diffusion coefficient is determined using the curve fitting procedure of Aubeny and Lytton, 2003. 
538 |a Mode of access: World Wide Web. 
538 |a System requirements: World Wide Web access and Adobe Acrobat Reader. 
500 |a Electronic resource. 
650 4 |a Major civil engineering. 
653 |a Diffusion Coefficient 
653 |a Unsaturated soil 
700 1 |a Aubeny, Charles Paul,  |e thesis advisor. 
700 1 |a Lytton, Robert L.,  |e thesis advisor. 
856 4 0 |u http://hdl.handle.net/1969.1/2318  |z Link to OAK Trust copy  |t 0 
948 |a cataloged  |b cmulkey  |c 2005/11/2  |d 11:47:37 am 
994 |a C0  |b TXA 
999 |a MARS 
999 f f |s 0bd81470-739e-3f18-98e2-57b89d360c05  |i d08bcdf8-7520-3297-bc21-982e2667e8be  |t 0 
952 f f |a Texas A&M University  |b College Station  |c Electronic Resources  |d Available Online  |t 0  |e 2005 Thesis S79  |g Electronic  |h Other scheme 
998 f f |a 2005 Thesis S79  |t 0  |l Available Online